000
00312nam a2200121Ia 4500
008
220217s9999||||xx |||||||||||||| ||und||
082
_a
621.381 5 KRI
100
_a
Krishanan, R
_9
3997
245
0
_a
Electric motor drives
260
_a
Pearson education
_b
Delhi
_c
2003
300
_b
275
650
_a
CIRCUITRY
999
_c
173400
_d
173400